| 000 | 00566nam a2200181Ia 4500 | ||
|---|---|---|---|
| 005 | 20250326130836.0 | ||
| 008 | 250326s9999 xx 000 0 und d | ||
| 037 | _aTextbook | ||
| 040 |
_aFMSL _beng _cFMSL |
||
| 041 |
_aeng _2eng |
||
| 084 |
_aX:87 Q9 _qFMSL |
||
| 100 |
_aMcdonald M _9741529 |
||
| 245 | 0 |
_aMalcolm mcdonald on value propositions: how to develop them, how to quantify them _cMcdonald M; Oliver G |
|
| 260 |
_aUnited Kingdom _bUnited Kingdom, Kogan Page _c2019 |
||
| 300 | _a242p | ||
| 942 |
_cTB _hX:87 Q9 |
||
| 999 |
_c1284338 _d1284338 |
||